00625nam a2200205 a 450000100100000000500170001000800410002702000180006804000250008608200190011110000200013024500710015026000430022130000290026449000170029365000350031065000350034570000220038083000170040200004572120240409073826.0150506s2010 dr a 000 0 spa d a9789945002904 aDO-SdBNPbspacBNPHU aRD863.5bD159v1 aDamirón, Anya14aLos viajes de Tomás /cAnya Damirón, ilustrado por Pablo Pino. aSanto Domingo :bLucia Stories,c2010. a[16] p. :bil. ;c21 cm.1 aLucia Stores 0aCuentos infantiles dominicanos 4aLiteratura infantil dominicana12aPino, Pablo,eil. 0aLucia Stores